| 000 | 00823cam a2200277 4500 | ||
|---|---|---|---|
| 001 | M1709 | ||
| 008 | 090401t1995 xxu||||| |||| 00| 0 eng d | ||
| 035 | _a(Sirsi) u33886 | ||
| 041 | _aeng | ||
| 050 | _a333.0072 | ||
| 090 | _aRICS 1995/14AB | ||
| 110 |
_aRoyal Institution of Chartered Surveyors _94900 |
||
| 245 | 4 | _aThe RICS Research Programme: guidance on the operation of the RICS Research Programme. | |
| 260 |
_aLondon _bRICS _c1995 |
||
| 300 | _a(4)p. ; 30cm. | ||
| 350 | _a0 | ||
| 490 | _aRICS Research Guidance | ||
| 650 | _aGUIDANCE NOTES | ||
| 650 | _aPROFESSIONAL DEVELOPMENT | ||
| 650 | _aRICS EDUCATION TRUST | ||
| 650 | _aRICS RESEARCH GUIDANCE | ||
| 650 | _aRICS RESEARCH PROGRAMME | ||
| 690 | _aMANAGEMENT-BUSINESS MANAGEMENT-PROFESSIONAL PRACTICE | ||
| 942 | _n0 | ||
| 948 | _c04/03/1997 | ||
| 999 |
_c89867 _d89867 |
||